000
00281nam a22001337a 4500
008
181003b xxu||||| |||| 00| 0 eng d
020
_a
0020849605
041
_a
eng
080
_a
101
100
_a
24
101
_a
FIL
245
_a
The Nature of Man
_c
Fromm,E
942
_2
udc
_c
BK
999
_c
48825
_d
48825